| 000 | 02045nam a2200397 i 4500 | ||
|---|---|---|---|
| 001 | ebr10780704 | ||
| 003 | CaPaEBR | ||
| 006 | m o d | ||
| 007 | cr cn||||||||| | ||
| 008 | 131029s2014 njua ob 001 0 eng|d | ||
| 020 | _z9780470670545 (pbk.) | ||
| 020 | _a9781118514634 (e-book) | ||
| 040 |
_aCaPaEBR _beng _erda _epn _cCaPaEBR |
||
| 035 | _a(OCoLC)868967153 | ||
| 050 | 1 | 4 |
_aRJ365 _b.M36 2014eb |
| 082 | 0 | 4 | _a314 |
| 245 | 0 | 0 |
_aManaging pain in children : _ba clinical guide for nurses and healthcare professionals / _cedited by Alison Twycross, Head of Department, Children's Nursing, Reader, Children's Pain Management, London South Bank University, United Kingdom, Stephanie Dowden, Clinical Nurse Consultant, Paediatric Palliative Care, Princess Margaret Hospital for Children, Perth, Australia and Jennifer Stinson, Nurse Clinician Scientist and Nurse Practitioner, Chronic Pain Programme, The Hospital for Sick Children, Associate Professor of Nursing, Lawrence S. Bloomberg, Faculty of Nursing, University of Toronto, Toronto, Canada. |
| 250 | _aSecond edition. | ||
| 264 | 1 |
_aHoboken : _bWiley Blackwell, _c2014. |
|
| 300 |
_a1 online resource (314 pages) : _billustrations |
||
| 336 |
_atext _2rdacontent |
||
| 337 |
_acomputer _2rdamedia |
||
| 338 |
_aonline resource _2rdacarrier |
||
| 504 | _aIncludes bibliographical references and index. | ||
| 588 | _aDescription based on online resource; title from PDF title page (ebrary, viewed October 23, 2013). | ||
| 590 | _aElectronic reproduction. Palo Alto, Calif. : ebrary, 2013. Available via World Wide Web. Access may be limited to ebrary affiliated libraries. | ||
| 650 | 0 | _aChildren. | |
| 650 | 0 |
_aPain _xTreatment. |
|
| 650 | 0 | _aEvidence-based nursing. | |
| 655 | 0 | _aElectronic books. | |
| 700 | 1 | _aTwycross, Alison. | |
| 700 | 1 | _aDowden, Stephanie. | |
| 700 | 1 | _aStinson, Jennifer. | |
| 797 | 2 | _aebrary. | |
| 856 | 4 | 0 |
_uhttp://site.ebrary.com/lib/rucke/Doc?id=10780704 _zAn electronic book accessible through the World Wide Web; click to view |
| 999 |
_c134429 _d134429 |
||